Lahodná chuť limonád najlepšia surovina - voda

Podrobná bibliografia
Hlavný autor: (r) (Autor)
Korporatívny autor: LimoŠpes (Stará Ľubovňa, Slovensko) (Autor)
Médium: Článok
Jazyk:slovenčina
Predmet:

MARC

LEADER 00000nab a2200000 a 4500
001 vtls001024276
003 SK-MaSNL
005 20260303042102.0
008 040720e19970918xo 0 slo
035 |a SL2843 
040 |a SLLK  |b slo  |c SLLK  |e AACR2 
041 0 |a slo 
044 |a xo  |c SK 
080 |a 663.8  |2 1981 
080 |a 334.722  |2 1981 
100 0 |a (r)  |4 aut  |9 636179 
245 1 0 |a Lahodná chuť limonád  |b najlepšia surovina - voda 
610 2 7 |a LimoŠpes (Stará Ľubovňa, Slovensko)  |2 SLLK  |9 1022797 
650 0 7 |a sortiment  |2 SLLK  |9 879873 
650 0 7 |a informácie  |2 SLLK  |9 1285 
655 7 |a periodikum  |2 snkbucl  |9 29553 
710 2 |a LimoŠpes (Stará Ľubovňa, Slovensko)  |4 aut  |9 1022797 
773 0 8 |t Ľubovnianske noviny  |g Roč. 23, č.37, 18.9.1997, s. 2 
852 |a ZVYKNI  |b KIS3GCP 
999 |c 1690430  |d 1692360